இஸ்லாமிய நோக்கில் பால்நிலை சமத்துவம் மற்றும் சமநீதி: (Record no. 4881)

MARC details
000 -LEADER
fixed length control field 01005nam a2200205 4500
003 - CONTROL NUMBER IDENTIFIER
control field LK-CoMWRAF
005 - DATE AND TIME OF LATEST TRANSACTION
control field 20240331181238.0
008 - FIXED-LENGTH DATA ELEMENTS--GENERAL INFORMATION
fixed length control field 240331b2015 |||||||| |||| 00| 0 eng d
020 ## - INTERNATIONAL STANDARD BOOK NUMBER
International Standard Book Number 9789557765020
040 ## - CATALOGING SOURCE
Original cataloging agency LK-CoMWRAF
Modifying agency LK-CoMWRAF
Description conventions LK-CoMWRAF
041 ## - LANGUAGE CODE
Language code of text/sound track or separate title Tamil
082 ## - DEWEY DECIMAL CLASSIFICATION NUMBER
Item number IZZ
942 ## - ADDED ENTRY ELEMENTS (KOHA)
Koha item type Books
100 ## - MAIN ENTRY--PERSONAL NAME
Personal name இஸ்ஸதீன், ஹஸனாஹ் சேகு
Personal name (Transliterated) Izzadeen, Hassanah Segu
245 ## - TITLE STATEMENT
Title இஸ்லாமிய நோக்கில் பால்நிலை சமத்துவம் மற்றும் சமநீதி:
Remainder of title முஸ்லிம் விவாக விவகாரத்துச் சட்டமும் இஸ்லாமிய சட்டமும்
246 ## - VARYING FORM OF TITLE
Title proper/short title Islāmiya nōkkil pālnilai camattuvam maṟṟum camanīti: muslim vivāka vivakārattuc caṭṭamum islāmiya caṭṭamum
260 ## - PUBLICATION, DISTRIBUTION, ETC. (IMPRINT)
Place of publication, distribution, etc. Dehiwala:
Name of publisher, distributor, etc. Sri Lankan Development Journalists Forum,
Date of publication, distribution, etc. 2015
300 ## - PHYSICAL DESCRIPTION
Extent 117 p.
650 ## - SUBJECT ADDED ENTRY--TOPICAL TERM
Topical term or geographic name as entry element GENDER EQUALITY-Islamic perspectives
Holdings
Withdrawn status Lost status Damaged status Not for loan Permanent Location Current Location Date acquired Full call number Barcode Koha item type
        Resource center, Muslim Women's Research And Action Forum Resource center, Muslim Women's Research And Action Forum 2024-03-31 IZZ RAF5236 Books

Copyright © 2023 Muslim Women's Research and Action Forum (MWRAF), No 27/3, Anderson Road, Kalubowila, Dehiwela. Funded by The Asia Fundation